Logo BPK

Biblioteka

Politechniki Koszalińskiej

Nine stories / (Rekord nr 47835)

Szczegóły MARC
000 -ETYKIETA REKORDU
podpole kontrolne o stałej długości 00299nam a2200133 i 4500
001 - NUMER KONTROLNY REKORDU
pole kontrolne bgj
040 ## - ŹRÓDŁO KATALOGOWANIA
Instytucja, która utworzyła rekord BPK
041 ## - KOD JĘZYKA
Kod języka tekstu eng
008 - POLE O STAŁEJ DŁUGOŚCI - DANE KONTROLNE
podpole kontrolne o stałej długości s uk f |000 0 eng
100 1# - NAZWA OSOBOWA
Nazwa osobowa SALINGER, J. D.
245 #0 - TYTUŁ/ODPOWIEDZIALNOŚĆ
Tytuł Nine stories /
Pozostałe elementy strefy tytułu i oznaczenia odpowiedzialności J. D. Salinger.
260 ## - STREFA ADRESU WYDAWNICZEGO
Miejsce wydania Boston,
Data publikacji, dystrybucji/powstania dokumentu cop. 1953.
856 ## - LOKALIZACJA I DOSTĘP DO ELEKTRONICZNYCH DOKUMENTÓW ZDALNYCH
Link (URL) http://koha.tu.koszalin.pl/cgi-bin/koha/opac-detail.pl?biblionumber=47835
Tekst linku Katalog online BPK
942 ## - DODATKOWE ELEMENTY (KOHA)
Typ dokumentu Książka
Egzemplarze
Wycofany Status egzemplarza Uszkodzony Dostępność Lokalizacja stała Lokalizacja bieżąca Miejsce przechowywania Sygnatura Kod kreskowy Typ dokumentu
      Dostępny Biblioteka Politechniki Koszalińskiej Biblioteka Politechniki Koszalińskiej Wypożyczalnia Językowa KA 4548 09024830 Książka
© 2023 Biblioteka Politechniki Koszalińskiej :: KOHA